<?xml version="1.0" encoding="UTF-8"?>
<collection xmlns="http://www.loc.gov/MARC21/slim">
    <record>
        <controlfield tag="001">9750</controlfield>
        <controlfield tag="005">20150325140144.0</controlfield>
        <datafield tag="037" ind1=" " ind2=" ">
            <subfield code="a">TAZ-PFC-2012-737</subfield>
        </datafield>
        <datafield tag="041" ind1=" " ind2=" ">
            <subfield code="a">spa</subfield>
        </datafield>
        <datafield tag="100" ind1="1" ind2=" ">
            <subfield code="a">Maldonado Jiménez, José Miguel</subfield>
        </datafield>
        <datafield tag="245" ind1="0" ind2="0">
            <subfield code="a">Modelado del flujo de aire a través de grupos de árboles</subfield>
        </datafield>
        <datafield tag="260" ind1=" " ind2=" ">
            <subfield code="a">Zaragoza</subfield>
            <subfield code="b">Universidad de Zaragoza</subfield>
            <subfield code="c">2012</subfield>
        </datafield>
        <datafield tag="506" ind1=" " ind2=" ">
            <subfield code="a">by-nc-sa</subfield>
            <subfield code="b">Creative Commons</subfield>
            <subfield code="c">3.0</subfield>
            <subfield code="u">http://creativecommons.org/licenses/by-nc-sa/3.0/</subfield>
        </datafield>
        <datafield tag="500" ind1=" " ind2=" ">
            <subfield code="a">El proyecto consta de un amplio resumen en castellano, pero los anexos se encuentran en inglés. También esta adjunto el guión original en inglés.</subfield>
        </datafield>
        <datafield tag="520" ind1=" " ind2=" ">
            <subfield code="a">Los emplazamientos más apropiados para instalar un parque eólico, están ocupados actualmente o por motivos medioambientales no se puede hacer uso de los mismos. Por este motivo, es necesario comprobar la posibilidad de si otras localizaciones disponibles, donde el terreno es más complejo, son viables. Para este fin, se utilizan herramientas de Fluido dinámica Computacional o CFD (Computational Fluid Dynamics). Para la realización de este trabajo se ha seleccionado el software llamado OpenFOAM, un software libre que, a diferencia de otros comerciales, su código (programado en C++) es suficientemente flexible y el programa es gratuito.     El proyecto básicamente consiste en desarrollar una aplicación que permita simular el efecto de los árboles y bosques sobre las corrientes de aire. Hasta el momento esta tarea se venía haciendo considerando los arboles como parte de la rugosidad del terreno, pero es recomendable añadir la distorsión producida por estos de manera separada a la rugosidad.    Se puede separar el proyecto en dos partes, coincidiendo cada una con una aplicación a desarrollar:      • El primer objetivo es desarrollar una aplicación que cargue los parámetros que definen el tipo de árboles y el tamaño de éstos. Esta herramienta de pre-procesado situará los diferentes grupos de árboles a lo largo de la malla del terreno en estudio.      • El segundo objetivo consiste en programar un solver el cual resuelve una configuración teniendo en cuenta el efecto producido por el follaje sobre el flujo de aire.      Gracias a estas aplicaciones, se podrá estudiar de manera más detallada si un terreno es adecuado para instalar aerogeneradores. La finalidad de este tipo de simulaciones es prever la velocidad con la que el viento llega al molino, para así estimar la producción energética anual del mismo.</subfield>
        </datafield>
        <datafield tag="521" ind1=" " ind2=" ">
            <subfield code="a">Ingeniero Industrial</subfield>
        </datafield>
        <datafield tag="540" ind1=" " ind2=" ">
            <subfield code="a">Derechos regulados por licencia Creative Commons</subfield>
        </datafield>
        <datafield tag="653" ind1="1" ind2=" ">
            <subfield code="a">openfoam</subfield>
        </datafield>
        <datafield tag="653" ind1="1" ind2=" ">
            <subfield code="a">canopy</subfield>
        </datafield>
        <datafield tag="653" ind1="1" ind2=" ">
            <subfield code="a">bosque</subfield>
        </datafield>
        <datafield tag="653" ind1="1" ind2=" ">
            <subfield code="a">cfd</subfield>
        </datafield>
        <datafield tag="653" ind1="1" ind2=" ">
            <subfield code="a">c++</subfield>
        </datafield>
        <datafield tag="653" ind1="1" ind2=" ">
            <subfield code="a">treefoam</subfield>
        </datafield>
        <datafield tag="653" ind1="1" ind2=" ">
            <subfield code="a">leafindextofoam</subfield>
        </datafield>
        <datafield tag="700" ind1=" " ind2=" ">
            <subfield code="a">Cehlin, Mathias</subfield>
            <subfield code="e">dir.</subfield>
        </datafield>
        <datafield tag="710" ind1="2" ind2=" ">
            <subfield code="a">Universidad de Zaragoza</subfield>
            <subfield code="b">Ciencia y Tecnología de Materiales y Fluidos</subfield>
            <subfield code="c">Mecánica de Fluidos</subfield>
        </datafield>
        <datafield tag="720" ind1="2" ind2=" ">
            <subfield code="a">Hauke Bernardos, Guillermo</subfield>
            <subfield code="e">ponente</subfield>
        </datafield>
        <datafield tag="856" ind1="0" ind2=" ">
            <subfield code="f">548516@celes.unizar.es</subfield>
        </datafield>
        <datafield tag="856" ind1="4" ind2=" ">
            <subfield code="s">2324435</subfield>
            <subfield code="u">http://zaguan.unizar.es/record/9750/files/TAZ-PFC-2012-737.pdf</subfield>
            <subfield code="y">Memoria (spa)</subfield>
        </datafield>
        <datafield tag="856" ind1="4" ind2=" ">
            <subfield code="s">3267662</subfield>
            <subfield code="u">http://zaguan.unizar.es/record/9750/files/TAZ-PFC-2012-737_ANE.pdf</subfield>
            <subfield code="y">Anexos (spa)</subfield>
        </datafield>
        <datafield tag="909" ind1="C" ind2="O">
            <subfield code="o">oai:zaguan.unizar.es:9750</subfield>
            <subfield code="p">driver</subfield>
            <subfield code="p">proyectos-fin-carrera</subfield>
        </datafield>
        <datafield tag="950" ind1=" " ind2=" ">
            <subfield code="a"></subfield>
        </datafield>
        <datafield tag="980" ind1=" " ind2=" ">
            <subfield code="a">TAZ</subfield>
            <subfield code="b">PFC</subfield>
            <subfield code="c">EINA</subfield>
        </datafield>
    </record>

    
</collection>